00305nam a2200133Ia 4500008004100000020001500041041001200056082001100068100001700079245002600096260002500122300000800147650001600155221030s9999 xx 000 0 und d a0070439494 aEnglish a105.23 aN. J. Muller 0aBluetooth Demystified bTMHaNew Delhic2007 a396 aBE Computer